[Event "Open Parla 2008"]
[Site "Parla ESP"]
[Date "2008.09.09"]
[Round "4.35"]
[White "Martinez-Villanueva Pelaez, Guzma"]
[Black "Oliver Fernandez, Rafael"]
[Result "1/2-1/2"]
[WhiteElo "1827"]
[BlackElo "2019"]
[PlyCount "68"]
[EventDate "2008.09.06"]
[EventType "swiss"]
[EventRounds "9"]
[EventCountry "AUT"]
[Source "lmi"]
[SourceDate "2008.09.06"]

1. e4 c5 2. Nf3 e6 3. d3 Nc6 4. g3 g6 5. Bg2 Bg7 6. O-O Nge7 7. Re1 O-O 8. e5
f5 9. c3 d6 10. exd6 Qxd6 11. Qe2 h6 12. Bf4 Qd7 13. Ne5 Nxe5 14. Bxe5 Nc6 15.
Bxg7 Kxg7 16. Na3 a6 17. Nc4 Qc7 18. Ne5 Rb8 19. Nxc6 bxc6 20. Rab1 Kf6 21. f4
Rd8 22. Qe5+ Qxe5 23. fxe5+ Kf7 24. Red1 Bb7 25. Kf2 Rd7 26. Rd2 c4 27. d4 c5
28. Bxb7 Rbxb7 29. Rbd1 cxd4 30. cxd4 Rbc7 31. Rc1 Rc8 32. Ke3 Ke7 33. Rdc2 Rb8
34. Rd2 Rdb7 1/2-1/2

[Event "Open Parla 2008"]
[Site "Parla ESP"]
[Date "2008.09.09"]
[Round "4.36"]
[White "Corregidor Serrano, Julian"]
[Black "Perez Cameselle, Francisco"]
[Result "0-1"]
[WhiteElo "1784"]
[BlackElo "2017"]
[PlyCount "60"]
[EventDate "2008.09.06"]
[EventType "swiss"]
[EventRounds "9"]
[EventCountry "AUT"]
[Source "lmi"]
[SourceDate "2008.09.06"]

1. e4 g6 2. d4 d6 3. Nf3 Nf6 4. Nc3 Bg7 5. Be3 Nbd7 6. Qd2 c6 7. Be2 O-O 8. O-O
e5 9. Rad1 Qc7 10. Bh6 Re8 11. Bxg7 Kxg7 12. Ng5 Nf8 13. Bc4 Be6 14. d5 cxd5
15. Bxd5 Bxd5 16. exd5 h6 17. Nf3 Rac8 18. Rfe1 Qb6 19. Rb1 N8d7 20. Ne4 Rc4
21. Nc3 Rec8 22. h3 e4 23. Nh2 Rd4 24. Qe3 Nxd5 25. Nxd5 Rxd5 26. Qxe4 Re5 27.
Qa4 Rxe1+ 28. Rxe1 Ne5 29. b3 Rxc2 30. Qf4 Nd3 0-1

[Event "Open Parla 2008"]
[Site "Parla ESP"]
[Date "2008.09.09"]
[Round "4.38"]
[White "Sierra Soria, Maria"]
[Black "Tirado Parra, Alberto"]
[Result "1/2-1/2"]
[WhiteElo "1708"]
[BlackElo "1983"]
[PlyCount "46"]
[EventDate "2008.09.06"]
[EventType "swiss"]
[EventRounds "9"]
[EventCountry "AUT"]
[Source "lmi"]
[SourceDate "2008.09.06"]

1. c4 e5 2. Nc3 Nf6 3. Nf3 d6 4. g3 g6 5. Bg2 Bg7 6. O-O O-O 7. d3 Nbd7 8. a3
c6 9. e4 Ne8 10. Rb1 a6 11. Bg5 f6 12. Be3 Rf7 13. d4 Nf8 14. Qb3 Ne6 15. Rfd1
Qe7 16. Na4 f5 17. exf5 gxf5 18. Nb6 Rb8 19. dxe5 dxe5 20. Re1 f4 21. Bd2 Nc5
22. Qc2 Bf5 23. Qd1 Nd3 1/2-1/2

[Event "Open Parla 2008"]
[Site "Parla ESP"]
[Date "2008.09.09"]
[Round "4.40"]
[White "Diaz Begonte, Manuel"]
[Black "Burlacu, Laurentiu"]
[Result "1-0"]
[WhiteElo "1855"]
[BlackElo "2009"]
[PlyCount "55"]
[EventDate "2008.09.06"]
[EventType "swiss"]
[EventRounds "9"]
[EventCountry "AUT"]
[Source "lmi"]
[SourceDate "2008.09.06"]

1. e4 e6 2. d4 d5 3. exd5 exd5 4. Nf3 Bg4 5. h3 Bh5 6. g4 Bg6 7. Bg2 Bd6 8. O-O
Ne7 9. Re1 Nd7 10. Ne5 c6 11. Bf4 Nf8 12. c3 Ne6 13. Bg3 Qc7 14. f4 Bxe5 15.
Rxe5 Bxb1 16. Rxb1 O-O-O 17. Qe1 Rhe8 18. Kh2 Qd7 19. f5 Nf8 20. b4 Ng8 21. b5
f6 22. bxc6 Qxc6 23. Rxe8 Rxe8 24. Qd2 Qa6 25. Qf4 Re7 26. Qb8+ Kd7 27. Rxb7+
Kc6 28. Qc8+ 1-0

[Event "Open Parla 2008"]
[Site "Parla ESP"]
[Date "2008.09.09"]
[Round "4.41"]
[White "Alcala Cuesta, Miguel"]
[Black "Rodrigo Yanguas, Maria"]
[Result "0-1"]
[WhiteElo "1849"]
[BlackElo "1999"]
[PlyCount "52"]
[EventDate "2008.09.06"]
[EventType "swiss"]
[EventRounds "9"]
[EventCountry "AUT"]
[Source "lmi"]
[SourceDate "2008.09.06"]

1. d4 f5 2. c4 g6 3. Nc3 Nf6 4. g3 Bg7 5. Bg2 O-O 6. Nf3 d6 7. d5 h6 8. O-O e5
9. dxe6 Bxe6 10. Nd4 Bc8 11. e4 fxe4 12. Nxe4 Nxe4 13. Bxe4 Qf6 14. Nb5 Na6 15.
Nc3 c6 16. Be3 Nc5 17. Bg2 Bf5 18. Bxc5 dxc5 19. Qb3 Rf7 20. Rad1 Re8 21. Rd2
Rfe7 22. Qd1 Qf7 23. Qa4 a6 24. Nd1 Bd4 25. Nc3 Re1 26. Rd1 Bd3 0-1

[Event "Open Parla 2008"]
[Site "Parla ESP"]
[Date "2008.09.09"]
[Round "4.42"]
[White "Constantino Blazquez, Christian"]
[Black "Baeza Escudero, Javier"]
[Result "0-1"]
[WhiteElo "1848"]
[BlackElo "1971"]
[PlyCount "48"]
[EventDate "2008.09.06"]
[EventType "swiss"]
[EventRounds "9"]
[EventCountry "AUT"]
[Source "lmi"]
[SourceDate "2008.09.06"]

1. e4 e5 2. Nf3 Nc6 3. Bb5 a6 4. Ba4 Nf6 5. d3 b5 6. Bb3 Be7 7. O-O d6 8. h3
Na5 9. c3 Nxb3 10. Qxb3 Be6 11. Qc2 h6 12. d4 exd4 13. cxd4 O-O 14. d5 Bd7 15.
Nd4 Re8 16. Nc3 Bf8 17. f3 g6 18. b4 Bg7 19. Nc6 Bxc6 20. dxc6 d5 21. exd5 Nxd5
22. Bd2 Nxb4 23. Qc1 Qd4+ 24. Kh1 Rad8 0-1

[Event "Open Parla 2008"]
[Site "Parla ESP"]
[Date "2008.09.09"]
[Round "4.43"]
[White "Del Castillo Lopez, Rafael"]
[Black "Escobar Pena, Rafael"]
[Result "0-1"]
[WhiteElo "1815"]
[BlackElo "1962"]
[PlyCount "96"]
[EventDate "2008.09.06"]
[EventType "swiss"]
[EventRounds "9"]
[EventCountry "AUT"]
[Source "lmi"]
[SourceDate "2008.09.06"]

1. Nf3 d5 2. d4 Nf6 3. g3 e6 4. Bg2 c5 5. e3 Nc6 6. O-O Ne4 7. c3 Be7 8. Nbd2
f5 9. Ne5 Nxe5 10. dxe5 Qc7 11. f4 Bd7 12. Nf3 h5 13. Bd2 h4 14. Be1 Bb5 15.
Nd2 Bxf1 16. Bxf1 O-O-O 17. g4 g5 18. Bh3 gxf4 19. exf4 Rhg8 20. g5 Bxg5 21.
fxg5 Rxg5+ 22. Kh1 Qxe5 23. Nf3 Rdg8 24. Bxh4 Qh8 25. Qe1 Rh5 26. Bg2 Rg4 27.
Qe2 Rgxh4 28. Nxh4 Rxh4 29. Bxe4 Rxe4 30. Qb5 c4 31. Rg1 Qf8 32. Qa4 a6 33. b4
cxb3 34. Qxb3 f4 35. Rf1 f3 36. c4 dxc4 37. Qxf3 Qxf3+ 38. Rxf3 b5 39. Kg2 b4
40. Kg3 Re2 41. Rf4 Rc2 42. h4 b3 43. axb3 cxb3 44. Rb4 Rc3+ 45. Kg4 a5 46. Rb5
Rc4+ 47. Kg3 Rb4 48. Rxa5 b2 0-1

[Event "Open Parla 2008"]
[Site "Parla ESP"]
[Date "2008.09.09"]
[Round "4.44"]
[White "Martinez Miura, Enrique"]
[Black "Ramirez Bulnes, Joaquin"]
[Result "0-1"]
[WhiteElo "1778"]
[BlackElo "1954"]
[PlyCount "50"]
[EventDate "2008.09.06"]
[EventType "swiss"]
[EventRounds "9"]
[EventCountry "AUT"]
[Source "lmi"]
[SourceDate "2008.09.06"]

1. e4 c6 2. d4 d5 3. Nc3 Nf6 4. exd5 cxd5 5. h3 Nc6 6. Nf3 Bf5 7. a3 e6 8. Bd3
Ne4 9. Bd2 a6 10. O-O Qb6 11. Bxe4 dxe4 12. Ng5 Qxb2 13. Rb1 Qxa3 14. Rxb7 Be7
15. Ngxe4 O-O 16. Be3 Bb4 17. Qc1 Qa5 18. Qb2 Rab8 19. Rxb8 Rxb8 20. Rb1 Bxe4
21. Nxe4 f5 22. Ng5 Bd6 23. Qc1 Rxb1 24. Qxb1 f4 25. c3 Qxg5 0-1

[Event "Open Parla 2008"]
[Site "Parla ESP"]
[Date "2008.09.09"]
[Round "4.45"]
[White "Tolosana Esteban, Enrique"]
[Black "Martinez Martinez, Antonio"]
[Result "1-0"]
[WhiteElo "1954"]
[BlackElo "1748"]
[PlyCount "101"]
[EventDate "2008.09.06"]
[EventType "swiss"]
[EventRounds "9"]
[EventCountry "AUT"]
[Source "lmi"]
[SourceDate "2008.09.06"]

1. e4 g6 2. Nf3 Bg7 3. d4 d6 4. c4 c6 5. Nc3 Bg4 6. Be2 Bxf3 7. Bxf3 Qb6 8. c5
dxc5 9. Na4 Qb4+ 10. Bd2 Qxd4 11. Qc2 Na6 12. a3 Nf6 13. Rd1 b5 14. Bc3 Qxa4
15. b3 Qxa3 16. Ra1 Nb4 17. Qd1 Na2 18. Qc2 Qa6 19. Rxa2 Qc8 20. Bxf6 Bxf6 21.
e5 Qe6 22. Qxc5 Rc8 23. Re2 Bg7 24. Qb4 h5 25. O-O O-O 26. Rb1 Rfd8 27. g4 Rd3
28. Re3 Rxe3 29. fxe3 Qxe5 30. Re1 h4 31. Kg2 Bf8 32. Qd2 e6 33. Qd7 Qc7 34.
Qd3 Bd6 35. Rf1 Bxh2 36. Qc2 Bg3 37. Be4 Kg7 38. Qe2 Qd7 39. Kh3 a6 40. Qf3 c5
41. Qf6+ Kh7 42. Qg5 Rg8 43. Rf6 Rg7 44. Qxc5 Qd1 45. Qf8 Qg1 46. g5 Be5 47.
Rf3 Qh2+ 48. Kg4 Bg3 49. Rxf7 Qe2+ 50. Kh3 Qb2 51. Bxg6+ 1-0

[Event "Open Parla 2008"]
[Site "Parla ESP"]
[Date "2008.09.09"]
[Round "4.46"]
[White "Gutierrez Garcia, Alberto"]
[Black "Prada Teruel, Carlos"]
[Result "0-1"]
[WhiteElo "1742"]
[BlackElo "1949"]
[PlyCount "78"]
[EventDate "2008.09.06"]
[EventType "swiss"]
[EventRounds "9"]
[EventCountry "AUT"]
[Source "lmi"]
[SourceDate "2008.09.06"]

1. e4 c5 2. c4 Nc6 3. Nc3 g6 4. g3 Bg7 5. Bg2 e6 6. Nge2 Nge7 7. O-O O-O 8. d3
d6 9. f4 Nd4 10. Be3 Nec6 11. Rb1 a6 12. a3 Rb8 13. b4 b6 14. b5 Nxe2+ 15. Nxe2
axb5 16. Rxb5 Nd4 17. Nxd4 cxd4 18. Bd2 Ba6 19. Rb2 b5 20. cxb5 Bxb5 21. Bb4
Qd7 22. Qd2 Rfc8 23. Rc2 Rxc2 24. Qxc2 Rc8 25. Qd2 Bf8 26. Bh3 d5 27. f5 dxe4
28. Bxf8 Rxf8 29. f6 e3 30. Qe2 Qd5 31. Bg2 Qb3 32. Be4 Qxa3 33. Rf3 Rc8 34.
Rf1 Rc1 35. Kg2 Rxf1 36. Qxf1 Qb2+ 37. Kf3 Qxh2 38. Qa1 Qf2+ 39. Kg4 Qxf6 0-1

[Event "Open Parla 2008"]
[Site "Parla ESP"]
[Date "2008.09.09"]
[Round "4.47"]
[White "Rios Barba, Faustino"]
[Black "Gutierrez Gonzalez, Francisco Jav"]
[Result "0-1"]
[WhiteElo "1559"]
[BlackElo "1943"]
[PlyCount "96"]
[EventDate "2008.09.06"]
[EventType "swiss"]
[EventRounds "9"]
[EventCountry "AUT"]
[Source "lmi"]
[SourceDate "2008.09.06"]

1. d4 f5 2. c4 Nf6 3. Nc3 d6 4. Nf3 g6 5. Bg5 Bg7 6. Qd2 Nbd7 7. Bh6 O-O 8.
Bxg7 Kxg7 9. Ng5 Nb6 10. e4 h6 11. exf5 Bxf5 12. Nf3 e5 13. O-O-O Qe7 14. Nh4
Bg4 15. f3 Bd7 16. Bd3 Be8 17. Rhe1 Rd8 18. Qc2 e4 19. Nxe4 Nxe4 20. Rxe4 Qg5+
21. Kb1 Rf4 22. g3 Rxe4 23. Bxe4 d5 24. f4 Qg4 25. Bf3 Qe6 26. f5 Qf6 27. cxd5
g5 28. Ng2 Nxd5 29. Bxd5 Rxd5 30. Qxc7+ Rd7 31. Qc5 Bh5 32. Rd2 Bf3 33. Ne3 Re7
34. Nc2 Rd7 35. Ne3 Re7 36. Qc3 g4 37. b3 Be4+ 38. Kb2 Bf3 39. a4 h5 40. Ka3
Qd6+ 41. b4 a5 42. Nc4 axb4+ 43. Qxb4 Qf6 44. Ne5 Bd5 45. Rf2 b5 46. Qxb5 Qd6+
47. Qb4 Qf6 48. Qxe7+ Qxe7+ 0-1

[Event "Open Parla 2008"]
[Site "Parla ESP"]
[Date "2008.09.10"]
[Round "5.2"]
[White "Ortiz Suarez, Isam"]
[Black "Di Berardino, Diego Rafael"]
[Result "1-0"]
[WhiteElo "2392"]
[BlackElo "2471"]
[PlyCount "83"]
[EventDate "2008.09.06"]
[EventType "swiss"]
[EventRounds "9"]
[EventCountry "AUT"]
[Source "lmi"]
[SourceDate "2008.09.06"]

1. e4 c5 2. Nf3 d6 3. d4 cxd4 4. Nxd4 Nf6 5. Nc3 a6 6. Be3 e5 7. Nb3 Be6 8. Qd2
Be7 9. f3 O-O 10. O-O-O Nbd7 11. g4 b5 12. Rg1 b4 13. Nd5 Bxd5 14. exd5 Nb6 15.
Na5 Nfxd5 16. Nc6 Qc7 17. Nxe7+ Qxe7 18. Bxb6 Nxb6 19. Qxb4 Qa7 20. Bd3 d5 21.
g5 g6 22. Rge1 Qc7 23. Qa5 f6 24. gxf6 Rxf6 25. Re3 Raf8 26. Be2 Rc6 27. Rc3
Rxc3 28. Qxc3 Qxc3 29. bxc3 a5 30. c4 d4 31. c5 Na4 32. c6 Kf7 33. Re1 Ke7 34.
f4 Rxf4 35. Bb5 Nb6 36. Rxe5+ Kd6 37. Re8 a4 38. Rb8 Kc5 39. c7 Rf7 40. Rxb6
Rxc7 41. Rb8 a3 42. Bd3 1-0

[Event "Open Parla 2008"]
[Site "Parla ESP"]
[Date "2008.09.10"]
[Round "5.3"]
[White "Vazquez Igarza, Renier"]
[Black "Cabrera Trujillo, Jorge"]
[Result "1/2-1/2"]
[WhiteElo "2540"]
[BlackElo "2423"]
[PlyCount "78"]
[EventDate "2008.09.06"]
[EventType "swiss"]
[EventRounds "9"]
[EventCountry "AUT"]
[Source "lmi"]
[SourceDate "2008.09.06"]

1. d4 d5 2. Nf3 Nf6 3. c4 c6 4. Nc3 e6 5. Bg5 dxc4 6. e4 b5 7. e5 h6 8. Bh4 g5
9. Nxg5 hxg5 10. Bxg5 Nbd7 11. exf6 Qb6 12. g3 Bb7 13. Bg2 O-O-O 14. O-O Bh6
15. Be3 c5 16. a4 Bxg2 17. Kxg2 b4 18. Ne4 Bxe3 19. fxe3 Ne5 20. Nxc5 Qc6+ 21.
e4 Nd7 22. Rc1 Ne5 23. Rf2 Qxc5 24. dxc5 Rxd1 25. Rxd1 Ng4 26. Rh1 Nxf2 27.
Kxf2 Kc7 28. Ke3 Rd8 29. h4 e5 30. h5 Rd3+ 31. Kf2 Rb3 32. h6 Rxb2+ 33. Kf3
Rb3+ 34. Kf2 Rb2+ 35. Ke3 Rb3+ 36. Kd2 Rb2+ 37. Kc1 c3 38. h7 b3 39. h8=Q Rc2+
1/2-1/2

[Event "Open Parla 2008"]
[Site "Parla ESP"]
[Date "2008.09.10"]
[Round "5.4"]
[White "Herraiz Hidalgo, Herminio"]
[Black "Diamant, Andre"]
[Result "1/2-1/2"]
[WhiteElo "2507"]
[BlackElo "2393"]
[PlyCount "76"]
[EventDate "2008.09.06"]
[EventType "swiss"]
[EventRounds "9"]
[EventCountry "AUT"]
[Source "lmi"]
[SourceDate "2008.09.06"]

1. Nf3 c5 2. c4 Nc6 3. Nc3 e5 4. e3 Nf6 5. Be2 d6 6. d4 e4 7. Nd2 cxd4 8. exd4
Nxd4 9. Ndxe4 Nxe2 10. Nxf6+ Qxf6 11. Qxe2+ Qe5 12. Nb5 Qxe2+ 13. Kxe2 Be6 14.
b3 Rd8 15. Nxa7 d5 16. Nb5 Rc8 17. Bf4 dxc4 18. Nc7+ Ke7 19. bxc4 Bxc4+ 20. Kf3
f6 21. Rhc1 Bg8 22. Rab1 g5 23. Be3 Kf7 24. Rxb7 Kg6 25. a4 Bd6 26. Ke2 Bxc7
27. Rbxc7 Rxc7 28. Rxc7 Bd5 29. f3 Rb8 30. a5 Rb2+ 31. Bd2 Ra2 32. Rc5 Bb7 33.
Rc7 Bd5 34. Kd3 h5 35. Rc5 Ba8 36. Rb5 h4 37. Rb8 h3 38. gxh3 Ra3+ 1/2-1/2

[Event "Open Parla 2008"]
[Site "Parla ESP"]
[Date "2008.09.10"]
[Round "5.5"]
[White "Moreno Ruiz, Javier"]
[Black "Fier, Alexandr"]
[Result "0-1"]
[WhiteElo "2470"]
[BlackElo "2558"]
[PlyCount "94"]
[EventDate "2008.09.06"]
[EventType "swiss"]
[EventRounds "9"]
[EventCountry "AUT"]
[Source "lmi"]
[SourceDate "2008.09.06"]

1. d4 Nf6 2. c4 e6 3. Nc3 Bb4 4. e3 b6 5. Nge2 c5 6. a3 Ba5 7. Rb1 Na6 8. Bd2
O-O 9. Ng3 d5 10. cxd5 cxd4 11. exd4 Bxc3 12. bxc3 Qxd5 13. Be2 Bb7 14. Bf3 Qd7
15. O-O Bxf3 16. Qxf3 Rac8 17. a4 Qxa4 18. Ra1 Qc4 19. Qe2 Qxe2 20. Nxe2 Nc7
21. Rxa7 Ncd5 22. f3 Rfd8 23. Kf2 Ne8 24. Rb1 Nd6 25. Nf4 Nc4 26. Nxd5 Rxd5 27.
Ke2 h5 28. h4 e5 29. Kd3 exd4 30. cxd4 Nxd2 31. Kxd2 Rxd4+ 32. Ke3 Rd6 33. Ra2
Rc4 34. Rab2 Rg6 35. Kf2 Kh7 36. Kg1 Rcc6 37. Rb5 Kh6 38. R1b2 Rgd6 39. Kf2 g6
40. Kg3 Kg7 41. Kf4 Kf6 42. R2b4 Ke7 43. g4 Rf6+ 44. Kg5 Rxf3 45. gxh5 Rcf6 46.
h6 Rg3+ 47. Rg4 Rf5+ 0-1

[Event "Open Parla 2008"]
[Site "Parla ESP"]
[Date "2008.09.10"]
[Round "5.6"]
[White "Epishin, Vladimir"]
[Black "Penalosa Pinilla, Jesus"]
[Result "1-0"]
[WhiteElo "2574"]
[BlackElo "2224"]
[PlyCount "49"]
[EventDate "2008.09.06"]
[EventType "swiss"]
[EventRounds "9"]
[EventCountry "AUT"]
[Source "lmi"]
[SourceDate "2008.09.06"]

1. c4 Nf6 2. Nc3 d6 3. d4 e5 4. Nf3 Nbd7 5. Bg5 Be7 6. e3 O-O 7. Qc2 c6 8. Be2
Re8 9. O-O a6 10. Rfd1 Qc7 11. Rac1 b6 12. b4 Bb7 13. Bh4 c5 14. bxc5 bxc5 15.
dxe5 dxe5 16. Bg3 Bf8 17. Nd2 Rad8 18. e4 Nb8 19. Nd5 Qc8 20. Bh4 Be7 21. Bxf6
Bxf6 22. h3 Bg5 23. Bg4 Qc6 24. Rb1 Nd7 25. Nf3 1-0

[Event "Open Parla 2008"]
[Site "Parla ESP"]
[Date "2008.09.10"]
[Round "5.7"]
[White "Adan Bermudez, Sergio"]
[Black "Vera Gonzalez-Quevedo, Reynaldo"]
[Result "1/2-1/2"]
[WhiteElo "2205"]
[BlackElo "2493"]
[PlyCount "49"]
[EventDate "2008.09.06"]
[EventType "swiss"]
[EventRounds "9"]
[EventCountry "AUT"]
[Source "lmi"]
[SourceDate "2008.09.06"]

1. c4 e6 2. Nf3 Nf6 3. g3 d5 4. b3 c5 5. Bg2 Nc6 6. O-O Be7 7. cxd5 exd5 8. d4
O-O 9. Bb2 Ne4 10. Nc3 Bf6 11. Qc2 Bf5 12. Nxe4 dxe4 13. Nh4 Bxh4 14. Qxc5 Bg4
15. gxh4 Qxh4 16. d5 Ne7 17. f3 exf3 18. exf3 Bd7 19. Rae1 Nf5 20. Re4 Qd8 21.
Ba3 Re8 22. Rfe1 Rxe4 23. fxe4 Nh4 24. Qe7 Qxe7 25. Bxe7 1/2-1/2

[Event "Open Parla 2008"]
[Site "Parla ESP"]
[Date "2008.09.10"]
[Round "5.8"]
[White "Almagro Llanas, Pablo"]
[Black "Gomez Peco, Pablo"]
[Result "1-0"]
[WhiteElo "2492"]
[BlackElo "2197"]
[PlyCount "91"]
[EventDate "2008.09.06"]
[EventType "swiss"]
[EventRounds "9"]
[EventCountry "AUT"]
[Source "lmi"]
[SourceDate "2008.09.06"]

1. e4 c6 2. d4 d5 3. Nc3 dxe4 4. Nxe4 Bf5 5. Ng3 Bg6 6. Nf3 Nd7 7. Bd3 e6 8.
O-O Ngf6 9. Re1 Be7 10. c4 O-O 11. Bxg6 hxg6 12. Bf4 Re8 13. Qc2 Nh5 14. Nxh5
gxh5 15. Rad1 Bf6 16. Ne5 Nf8 17. Re3 Bg5 18. Bxg5 Qxg5 19. Qb3 Qe7 20. Rh3 Ng6
21. Qf3 Nxe5 22. Qxh5 f5 23. dxe5 Red8 24. Rf1 Qc5 25. Qg6 Qxe5 26. Re3 Qf6 27.
Qxf6 gxf6 28. Rxe6 Rd2 29. Rxf6 Rf8 30. Rxf8+ Kxf8 31. Rb1 Rc2 32. g3 Rxc4 33.
Kg2 Rc2 34. h3 Kf7 35. g4 Kf6 36. Kg3 Rd2 37. f3 Ke5 38. Re1+ Kf6 39. Rb1 Ke5
40. f4+ Kf6 41. Re1 Rxb2 42. g5+ Kg6 43. Re6+ Kg7 44. h4 Rxa2 45. h5 Ra3+ 46.
Kh4 1-0

[Event "Open Parla 2008"]
[Site "Parla ESP"]
[Date "2008.09.10"]
[Round "5.9"]
[White "Anton Guijarro, David"]
[Black "Roa Alonso, Santiago"]
[Result "0-1"]
[WhiteElo "2055"]
[BlackElo "2465"]
[PlyCount "80"]
[EventDate "2008.09.06"]
[EventType "swiss"]
[EventRounds "9"]
[EventCountry "AUT"]
[Source "lmi"]
[SourceDate "2008.09.06"]

1. d4 d5 2. c4 e6 3. Nc3 Nf6 4. cxd5 exd5 5. Bg5 c6 6. e3 Bf5 7. g4 Be6 8. h3
Qb6 9. Qc2 Nbd7 10. Bd3 Bd6 11. Nge2 c5 12. Kf1 c4 13. Bf5 g6 14. Rb1 Qc6 15.
a4 a6 16. Ra1 O-O 17. Rg1 b5 18. Bh6 Rfe8 19. h4 b4 20. Nb1 Kh8 21. Nd2 Bf8 22.
Bxe6 fxe6 23. Bg5 Be7 24. Rc1 Rac8 25. Nf4 e5 26. Ne2 Rf8 27. Nf3 Ne4 28. Bxe7
Rxf3 29. Rg2 Qe6 30. Bxb4 Qf7 31. Ng1 Rxe3 32. Ne2 Rf3 33. Ng1 Rf4 34. Rd1 Ndf6
35. f3 Nxg4 36. Qe2 Nh2+ 37. Ke1 Nxf3+ 38. Nxf3 Rxf3 39. dxe5 Qf4 40. Rxd5 Re3
0-1

[Event "Open Parla 2008"]
[Site "Parla ESP"]
[Date "2008.09.10"]
[Round "5.10"]
[White "Martinez Martin, David"]
[Black "Solaesa Navalpotro, Luis Julio"]
[Result "1/2-1/2"]
[WhiteElo "2415"]
[BlackElo "2216"]
[PlyCount "58"]
[EventDate "2008.09.06"]
[EventType "swiss"]
[EventRounds "9"]
[EventCountry "AUT"]
[Source "lmi"]
[SourceDate "2008.09.06"]

1. Nf3 Nf6 2. c4 c5 3. Nc3 d6 4. g3 b6 5. Bg2 Bb7 6. O-O e6 7. Re1 Be7 8. e4
Nbd7 9. d4 cxd4 10. Nxd4 Qb8 11. g4 h6 12. g5 hxg5 13. Bxg5 a6 14. Rc1 Qc7 15.
b4 Rc8 16. f4 Qb8 17. Qd3 Nh5 18. Bxe7 Kxe7 19. Rf1 g5 20. Nd5+ exd5 21. exd5
Nxf4 22. Qf5 Rcg8 23. c5 bxc5 24. bxc5 Nxc5 25. Rce1+ Kd8 26. Qf6+ Kc8 27. Qf5+
Kd8 28. Qf6+ Kc8 29. Qf5+ Kd8 1/2-1/2

[Event "Open Parla 2008"]
[Site "Parla ESP"]
[Date "2008.09.10"]
[Round "5.11"]
[White "Arribas Lopez, Angel"]
[Black "Vazquez Gonzalez, Francisco"]
[Result "1-0"]
[WhiteElo "2332"]
[BlackElo "2125"]
[PlyCount "37"]
[EventDate "2008.09.06"]
[EventType "swiss"]
[EventRounds "9"]
[EventCountry "AUT"]
[Source "lmi"]
[SourceDate "2008.09.06"]

1. e4 e5 2. Nf3 Nc6 3. Bc4 Nf6 4. Ng5 d5 5. exd5 b5 6. Bf1 Nd4 7. c3 Nxd5 8.
Nxf7 Kxf7 9. cxd4 exd4 10. Bxb5 Qe7+ 11. Kf1 Nf6 12. d3 Be6 13. Nd2 Rb8 14. Bc4
Rb6 15. Bxe6+ Rxe6 16. Nf3 Rd6 17. Qb3+ Rd5 18. Nxd4 Kg6 19. Ne2 1-0

[Event "Open Parla 2008"]
[Site "Parla ESP"]
[Date "2008.09.10"]
[Round "5.12"]
[White "Ruiz Saiz, Agustin"]
[Black "Huguet Mainar, Sergio"]
[Result "1-0"]
[WhiteElo "2274"]
[BlackElo "2109"]
[PlyCount "105"]
[EventDate "2008.09.06"]
[EventType "swiss"]
[EventRounds "9"]
[EventCountry "AUT"]
[Source "lmi"]
[SourceDate "2008.09.06"]

1. Nf3 Nf6 2. g3 c5 3. Bg2 d5 4. O-O Nc6 5. d3 e5 6. Nbd2 Be7 7. e4 O-O 8. Re1
d4 9. Nc4 Qc7 10. a4 Bg4 11. h3 Be6 12. Ng5 Bxc4 13. dxc4 Nd7 14. h4 Bxg5 15.
Bxg5 Rfe8 16. Qg4 Nf8 17. Bh3 Qd6 18. Ra3 h6 19. Bc1 Qe6 20. f4 Qxg4 21. Bxg4
f6 22. f5 Red8 23. Be2 Nb4 24. Bd3 Rd6 25. Kf2 Nxd3+ 26. Rxd3 a5 27. g4 Kf7 28.
Ke2 Nd7 29. Rg1 Rh8 30. Rdg3 Nb8 31. g5 hxg5 32. hxg5 fxg5 33. Rxg5 Rh7 34. Bd2
Nc6 35. R1g2 Rdh6 36. Rg6 Rh4 37. Bg5 Rxe4+ 38. Kf3 Re1 39. Rd6 Rf1+ 40. Ke4
Re1+ 41. Kd5 Ne7+ 42. Bxe7 Kxe7 43. Rgg6 e4 44. Rb6 Rh5 45. Rxb7+ Kd8 46. Rgxg7
Kc8 47. Rbf7 Rh8 48. f6 d3 49. Rc7+ Kb8 50. Rb7+ Ka8 51. Ra7+ Kb8 52. Rgb7+ Kc8
53. Kc6 1-0

[Event "Open Parla 2008"]
[Site "Parla ESP"]
[Date "2008.09.10"]
[Round "5.13"]
[White "Rodriguez Yuste, Marcelo"]
[Black "Cabanas Bravo, Juan Andres"]
[Result "1/2-1/2"]
[WhiteElo "2243"]
[BlackElo "2019"]
[PlyCount "120"]
[EventDate "2008.09.06"]
[EventType "swiss"]
[EventRounds "9"]
[EventCountry "AUT"]
[Source "lmi"]
[SourceDate "2008.09.06"]

1. e4 e5 2. Nf3 Nc6 3. Nc3 Bc5 4. Bc4 Nf6 5. O-O d6 6. h3 Ne7 7. d4 exd4 8.
Nxd4 Ng6 9. Bg5 h6 10. Be3 Bd7 11. f4 Qe7 12. Qd3 O-O-O 13. Rae1 Rhe8 14. a3
Nxe4 15. Bxf7 Qxf7 16. Nxe4 Bb6 17. f5 Ne5 18. Qc3 Nc4 19. Bf2 Qd5 20. Ng3 Rxe1
21. Rxe1 Re8 22. Rxe8+ Bxe8 23. Nf3 Bxf2+ 24. Kxf2 Qc5+ 25. Nd4 d5 26. b3 Qxa3
27. Ne6 Qb2 28. Ne2 Qxc3 29. Nxc3 Nd6 30. Nxg7 Bf7 31. g4 Kd7 32. Ke3 c5 33.
Kf4 d4 34. Na4 b6 35. Ke5 d3 36. cxd3 Bxb3 37. Nc3 a5 38. Ne6 a4 39. d4 a3 40.
dxc5 Nc4+ 41. Kf4 a2 42. Nxa2 Bxa2 43. cxb6 Nxb6 44. Nd4 Ke7 45. h4 Nd5+ 46.
Ke5 Nf6 47. g5 Nd7+ 48. Kf4 hxg5+ 49. hxg5 Kf7 50. Nb5 Ke7 51. Nc3 Bb3 52. Ne4
Bc2 53. Nc3 Bb3 54. Ne2 Ba2 55. Nd4 Bd5 56. Kg4 Be4 57. Kh5 Kf7 58. Kh6 Nf8 59.
Nb5 Bxf5 60. Nd6+ Ke6 1/2-1/2

[Event "Open Parla 2008"]
[Site "Parla ESP"]
[Date "2008.09.10"]
[Round "5.14"]
[White "Sanchez Gonzalez, Sergio"]
[Black "Cerrato Torrijos, Maria"]
[Result "1-0"]
[WhiteElo "2228"]
[BlackElo "1877"]
[PlyCount "35"]
[EventDate "2008.09.06"]
[EventType "swiss"]
[EventRounds "9"]
[EventCountry "AUT"]
[Source "lmi"]
[SourceDate "2008.09.06"]

1. c4 e5 2. Nc3 Nc6 3. e3 g6 4. d4 Bg7 5. d5 Nce7 6. d6 cxd6 7. Nb5 Nf6 8.
Nxd6+ Kf8 9. Nf3 h6 10. Be2 Ne8 11. Nxe8 Qxe8 12. Qd6 f6 13. O-O Kg8 14. e4 Kh7
15. Be3 Nc6 16. Rfd1 Qe6 17. Qa3 Qg4 18. Ng5+ 1-0

[Event "Open Parla 2008"]
[Site "Parla ESP"]
[Date "2008.09.10"]
[Round "5.15"]
[White "Molina Rodriguez, Jorge Luis"]
[Black "Serrano Salvador, Eduardo"]
[Result "0-1"]
[WhiteElo "2105"]
[BlackElo "2341"]
[PlyCount "100"]
[EventDate "2008.09.06"]
[EventType "swiss"]
[EventRounds "9"]
[EventCountry "AUT"]
[Source "lmi"]
[SourceDate "2008.09.06"]

1. d4 d5 2. Nf3 c6 3. e3 Nf6 4. c4 e6 5. Nc3 Nbd7 6. Bd3 Bd6 7. O-O O-O 8. e4
dxe4 9. Nxe4 Nxe4 10. Bxe4 h6 11. Bc2 e5 12. c5 Bc7 13. Qd3 f5 14. Qb3+ Kh8 15.
Nxe5 Nxe5 16. dxe5 Bxe5 17. f4 Bd4+ 18. Be3 Re8 19. Bf2 Bxf2+ 20. Rxf2 Qd4 21.
Qc3 Qxc3 22. bxc3 Re3 23. Bb3 Be6 24. Rf3 Re4 25. Rb1 Rd8 26. Bxe6 Rxe6 27. Rf2
Re3 28. Rc2 Rd7 29. g3 a5 30. Kf2 Re4 31. Rcb2 Rc4 32. Rxb7 Rxb7 33. Rxb7 Rxc3
34. Ke2 Rxc5 35. Kd3 Kh7 36. a4 h5 37. Ra7 Kh6 38. Kd4 Rd5+ 39. Kc4 g6 40. Rc7
Rd2 41. Rxc6 Rxh2 42. Kb5 Rh3 43. Kxa5 Rxg3 44. Kb4 Rg4 45. a5 Rxf4+ 46. Rc4
Rf1 47. Kb5 Ra1 48. Ra4 Rxa4 49. Kxa4 f4 50. a6 f3 0-1